[Event "Online Olym Div3 C"]
[Site "Chess.com INT"]
[Date "2021.08.29"]
[Round "9.3"]
[White "Blackburn, Jonathan LB"]
[Black "Jankunas, Tomas"]
[Result "0-1"]
[WhiteElo "2235"]
[BlackElo "2105"]
[PlyCount "90"]
[EventDate "2021.08.27"]
[EventType "team-tourn (rapid)"]
[EventRounds "9"]
[EventCountry "USA"]
[SourceTitle "CBM 204 Extra"]
[Source "ChessBase"]
[SourceDate "2021.11.30"]
[SourceVersion "1"]
[SourceVersionDate "2021.11.30"]
[SourceQuality "1"]
[WhiteTeam "Wales"]
[BlackTeam "ICCD"]
[WhiteTeamCountry "WLS"]

1. d4 Nf6 2. c4 g6 3. Nc3 Bg7 4. e4 d6 5. Nge2 0-0 6. Ng3 e5 7. d5 a5 8. Be2 Na6 9. h4 h5 10. Bg5 Qd7 11. Qd2 Nc5 12. f3 a4 13. Be3 Kh7 14. Bd1 Qe8 15. Nb5 Qd8 16. Bc2 Bd7 17. Nc3 Ne8 18. 0-0-0 Bf6 19. Bg5 Be7 20. Kb1 Ng7 21. Rdf1 f6 22. Bh6 Qb8 23. Be3 b5 24. cxb5 Bxb5 25. Nge2 Bc4 26. Bxc5 dxc5 27. Bd3 Qb4 28. Bxc4 Qxc4 29. Nc1 Rfb8 30. Rf2 Ne8 31. g4 Nd6 32. Rg2 hxg4 33. Rxg4 Qb4 34. Nd3 Nc4 35. Qc1 Qb6 36. Ka1 Nxb2 37. Nxb2 a3 38. Nd3 c4 39. Ne1 Qd4 40. Rhg1 Bb4 41. Qh6+ Kxh6 42. Rxg6+ Kh5 43. R1g5+ fxg5 44. Rxg5+ Kxh4 45. Ng2+ Kxg5 0-1

[Event "Online Olym Div3 C"]
[Site "Chess.com INT"]
[Date "2021.08.29"]
[Round "8.4"]
[White "Jankunas, Tomas"]
[Black "Oatlhotse, Providence"]
[Result "0-1"]
[WhiteElo "2105"]
[BlackElo "2188"]
[PlyCount "182"]
[EventDate "2021.08.27"]
[EventType "team-tourn (rapid)"]
[EventRounds "9"]
[EventCountry "USA"]
[SourceTitle "CBM 204 Extra"]
[Source "ChessBase"]
[SourceDate "2021.11.30"]
[SourceVersion "1"]
[SourceVersionDate "2021.11.30"]
[SourceQuality "1"]
[WhiteTeam "ICCD"]
[BlackTeam "Botswana"]
[BlackTeamCountry "BOT"]

1. e4 g6 2. d4 Bg7 3. Nf3 a6 4. Bc4 e6 5. a4 d5 6. Bd3 dxe4 7. Bxe4 Nf6 8. Bd3 0-0 9. 0-0 Nbd7 10. c3 c5 11. Be3 cxd4 12. Bxd4 Qc7 13. Re1 b6 14. Nbd2 Bb7 15. Ne4 Rfd8 16. Qe2 Nxe4 17. Bxe4 Bxe4 18. Qxe4 Nc5 19. Qe3 Bxd4 20. Nxd4 Rd5 21. b4 Nb7 22. Nxe6 fxe6 23. Qxe6+ Qf7 24. Qxb6 Rd6 25. Qe3 Rf6 26. Rad1 Rf8 27. Re2 Nd6 28. Qc5 Qc4 29. Qxc4+ Nxc4 30. Rd7 R8f7 31. Rd8+ Rf8 32. Rd7 Nb6 33. Ra7 Nxa4 34. c4 R8f7 35. Ra8+ Kg7 36. f3 Rb7 37. b5 axb5 38. cxb5 Nc3 39. Rc2 Nxb5 40. Rd8 Nd6 41. Re2 Rc7 42. Kf2 Ra7 43. Rb8 Rd7 44. Rb4 Nf5 45. Reb2 Rfd6 46. Rb7 h6 47. Rxd7+ Rxd7 48. g3 Kf6 49. h3 Rd3 50. Rb6+ Kf7 51. Rb7+ Ke6 52. Rb6+ Rd6 53. Rb2 Rc6 54. Rd2 Rc3 55. Kg2 Ke5 56. Ra2 Nd4 57. Ra5+ Kf6 58. Ra6+ Rc6 59. Ra4 Rc2+ 60. Kf1 Ke5 61. Ra6 Rc6 62. Ra5+ Kd6 63. Ra3 Kd5 64. Kf2 Rc2+ 65. Ke3 Re2+ 66. Kd3 Rb2 67. Ra5+ Rb5 68. Ra6 Rb3+ 69. Kd2 Nxf3+ 70. Kc2 Nd4+ 71. Kd2 Rxg3 72. h4 Ke4 73. h5 gxh5 74. Rxh6 Nf3+ 75. Ke2 h4 76. Rh8 Rg2+ 77. Kf1 Rg3 78. Kf2 Kf4 79. Ra8 Ng5 80. Rh8 Ne4+ 81. Ke2 Rg2+ 82. Kf1 Rg4 83. Rf8+ Kg3 84. Kg1 Kh3+ 85. Kh1 Ng3+ 86. Kg1 Rf4 87. Rxf4 Ne2+ 88. Kh1 Nxf4 89. Kg1 Kg3 90. Kh1 h3 91. Kg1 Nd3 0-1

[Event "Online Olym Div3 C"]
[Site "Chess.com INT"]
[Date "2021.08.28"]
[Round "5.1"]
[White "Jankunas, Tomas"]
[Black "Ermeni, Avni"]
[Result "1-0"]
[WhiteElo "2105"]
[BlackElo "2149"]
[PlyCount "51"]
[EventDate "2021.08.27"]
[EventType "team-tourn (rapid)"]
[EventRounds "9"]
[EventCountry "USA"]
[SourceTitle "CBM 204 Extra"]
[Source "ChessBase"]
[SourceDate "2021.11.30"]
[SourceVersion "1"]
[SourceVersionDate "2021.11.30"]
[SourceQuality "1"]
[WhiteTeam "ICCD"]
[BlackTeam "Kosovo"]
[BlackTeamCountry "KOS"]

1. e4 e5 2. Nf3 Nc6 3. Nc3 Nf6 4. d4 exd4 5. Nxd4 Bb4 6. Nxc6 bxc6 7. Bd3 0-0 8. 0-0 h6 9. e5 Bxc3 10. bxc3 Nd5 11. Bxh6 gxh6 12. f4 f5 13. exf6 Qxf6 14. Rf3 d6 15. Rg3+ Kh8 16. Rg6 Qxf4 17. Qh5 Bf5 18. Rxh6+ Kg8 19. Rg6+ Kf7 20. Rg4+ Ke7 21. Rxf4 Nxf4 22. Qg5+ Rf6 23. Bxf5 Raf8 24. Re1+ Kd8 25. g3 Nd5 26. Re6 1-0

[Event "LTU-ch Rapid op"]
[Site "Taujenai"]
[Date "2019.10.19"]
[Round "4.11"]
[White "Narmontas, Raimondas"]
[Black "Jankunas, Tomas"]
[Result "0-1"]
[WhiteElo "1931"]
[BlackElo "2114"]
[PlyCount "62"]
[EventDate "2019.10.19"]
[EventType "swiss (rapid)"]
[EventRounds "11"]
[EventCountry "LTU"]
[SourceTitle "EXT 2023"]
[Source "ChessBase"]
[SourceDate "2022.10.05"]
[SourceVersion "1"]
[SourceVersionDate "2022.10.05"]
[SourceQuality "1"]

1. e4 e5 2. Nf3 Nf6 3. Nxe5 d6 4. Nf3 Nxe4 5. Nc3 Nxc3 6. dxc3 Be7 7. Bd3 Nc6 8. Be3 Be6 9. Qd2 Qd7 10. 0-0-0 0-0-0 11. Nd4 Nxd4 12. cxd4 Qa4 13. a3 d5 14. Qe2 Kb8 15. Bb5 Qa5 16. Bd2 Qb6 17. Bc3 Ka8 18. Rhe1 c5 19. dxc5 Bxc5 20. Bxg7 Rhg8 21. Bf6 Rc8 22. f3 Bf5 23. Bc3 d4 24. Bd2 Bxa3 25. Bc3 Rxc3 26. Rd2 Rgc8 27. bxa3 Qc5 28. Qe8 Qxa3+ 29. Kd1 Qa1+ 30. Ke2 Rxe8+ 31. Bxe8 Re3+ 0-1

[Event "LTU-chT"]
[Site "Lithuania"]
[Date "2019.01.26"]
[Round "1.7"]
[White "Jankunas, Tomas"]
[Black "Dailidenas, Justas"]
[Result "1-0"]
[WhiteElo "2098"]
[BlackElo "1600"]
[PlyCount "67"]
[EventDate "2019.01.26"]
[EventType "team-swiss"]
[EventRounds "7"]
[EventCountry "LTU"]
[SourceTitle "CBM 188 Extra"]
[Source "ChessBase"]
[SourceDate "2019.02.28"]
[SourceVersion "1"]
[SourceVersionDate "2019.02.28"]
[SourceQuality "1"]
[WhiteTeam "Kaunas Gambiteriai"]
[BlackTeam "Vilnius Tauras"]
[WhiteTeamCountry "LTU"]
[BlackTeamCountry "LTU"]

1. e4 c5 2. c3 Nf6 3. e5 Nd5 4. d4 e6 5. Nf3 Nc6 6. c4 Nb6 7. d5 Nd4 8. Nxd4 cxd4 9. d6 f6 10. Bd3 g6 11. h4 Nxc4 12. Bxc4 Qa5+ 13. Kf1 Qxe5 14. Nd2 Qxd6 15. Nf3 e5 16. Qe2 Qc5 17. Bd2 d6 18. Rc1 Qb6 19. a4 Be7 20. b4 Bg4 21. Qe4 Bf5 22. Qd5 Kd8 23. b5 Rc8 24. a5 Qc7 25. Kg1 Qc5 26. Qxb7 e4 27. Be2 Qxc1+ 28. Bxc1 Rxc1+ 29. Kh2 exf3 30. Rxc1 fxe2 31. Qb8+ Kd7 32. Qxh8 Ke6 33. f4 Kd5 34. Qg8+ 1-0

[Event "Vilnius Zavanelli Memorial op-A"]
[Site "Vilnius"]
[Date "2018.10.27"]
[Round "8"]
[White "Hart, Alexander E"]
[Black "Jankunas, Tomas"]
[Result "0-1"]
[WhiteElo "1917"]
[BlackElo "2093"]
[PlyCount "48"]
[EventDate "2018.10.22"]
[EventType "swiss"]
[EventRounds "9"]
[EventCountry "LTU"]
[SourceTitle "CBM 187 Extra"]
[Source "ChessBase"]
[SourceDate "2018.11.04"]
[SourceVersion "1"]
[SourceVersionDate "2018.11.04"]
[SourceQuality "1"]

1. c4 Nf6 2. Nc3 g6 3. e4 d6 4. d4 Bg7 5. Nf3 0-0 6. Be2 e5 7. dxe5 dxe5 8. Qxd8 Rxd8 9. Bg5 Re8 10. Nd5 Nxd5 11. cxd5 c6 12. Bc4 cxd5 13. Bxd5 Nc6 14. Bxc6 bxc6 15. 0-0-0 Be6 16. Kb1 f5 17. Nd2 Bf8 18. f3 h6 19. Bf6 Bf7 20. Rc1 Re6 21. Bh4 Rb8 22. Nc4 fxe4 23. fxe4 g5 24. Bg3 Bg6 0-1

[Event "Vilnius Zavanelli Memorial op-A"]
[Site "Vilnius"]
[Date "2018.10.25"]
[Round "6"]
[White "Jankunas, Tomas"]
[Black "Zhukov, Anton"]
[Result "1/2-1/2"]
[WhiteElo "2093"]
[BlackElo "2161"]
[PlyCount "77"]
[EventDate "2018.10.22"]
[EventType "swiss"]
[EventRounds "9"]
[EventCountry "LTU"]
[SourceTitle "CBM 187 Extra"]
[Source "ChessBase"]
[SourceDate "2018.11.04"]
[SourceVersion "1"]
[SourceVersionDate "2018.11.04"]
[SourceQuality "1"]

1. e4 c6 2. d4 d5 3. Nd2 dxe4 4. Nxe4 Bf5 5. Ng3 Bg6 6. h4 h6 7. Nf3 Nd7 8. h5 Bh7 9. Bd3 Bxd3 10. Qxd3 e6 11. Bd2 Ngf6 12. 0-0-0 Be7 13. Ne4 Nxe4 14. Qxe4 Nf6 15. Qe2 Qd5 16. Kb1 Qe4 17. Qxe4 Nxe4 18. Be3 Nf6 19. Ne5 0-0 20. g4 Nd5 21. Bc1 c5 22. c4 Nf6 23. Be3 cxd4 24. Bxd4 Rfd8 25. f3 a6 26. Bb6 Rdc8 27. Be3 Bc5 28. Bxc5 Rxc5 29. Nd7 Nxd7 30. Rxd7 b5 31. cxb5 axb5 32. Rhd1 f5 33. Rb7 fxg4 34. Rdd7 Rg5 35. f4 Rxh5 36. Rxg7+ Kh8 37. Rh7+ Kg8 38. Rbg7+ Kf8 39. Rf7+ 1/2-1/2

[Event "Olympiad-43"]
[Site "Batumi"]
[Date "2018.10.04"]
[Round "10.3"]
[White "Jankunas, Tomas"]
[Black "Tomb, Maroun"]
[Result "1/2-1/2"]
[WhiteElo "2093"]
[BlackElo "2177"]
[PlyCount "77"]
[EventDate "2018.09.24"]
[EventType "team-swiss"]
[EventRounds "11"]
[EventCountry "GEO"]
[SourceTitle "CBM 187"]
[Source "ChessBase"]
[SourceDate "2018.12.11"]
[SourceVersion "1"]
[SourceVersionDate "2018.12.11"]
[SourceQuality "1"]
[WhiteTeam "ICCD"]
[BlackTeam "Lebanon"]
[BlackTeamCountry "LBN"]

1. e4 d6 2. d4 Nf6 3. Nc3 e5 4. Nf3 Nbd7 5. Bc4 Be7 6. 0-0 c6 7. a4 h6 8. h3 Qc7 9. Re1 Nf8 10. Ba2 Ng6 11. Be3 0-0 12. Qd2 Kh7 13. Rad1 a6 14. Qe2 b5 15. Bc1 Bb7 16. d5 b4 17. dxc6 Bxc6 18. Nd5 Nxd5 19. Bxd5 Bxd5 20. Rxd5 Rfc8 21. Rd2 Nf4 22. Qe3 Qa5 23. Qb3 Kg8 24. Rdd1 Ne6 25. Be3 Rc6 26. Rd5 Qc7 27. Rc1 a5 28. c4 Rc8 29. Qd3 Bf8 30. b3 g6 31. Rd1 Ra8 32. Qd2 Kh7 33. h4 Qe7 34. g3 Raa6 35. Kg2 Nc7 36. Rb5 Ne6 37. Rd5 Nc7 38. Rb5 Ne6 39. Rd5 1/2-1/2

[Event "Olympiad-43"]
[Site "Batumi"]
[Date "2018.10.03"]
[Round "9.4"]
[White "Elisha, Thabo"]
[Black "Jankunas, Tomas"]
[Result "1/2-1/2"]
[WhiteElo "2024"]
[BlackElo "2093"]
[PlyCount "102"]
[EventDate "2018.09.24"]
[EventType "team-swiss"]
[EventRounds "11"]
[EventCountry "GEO"]
[SourceTitle "CBM 187"]
[Source "ChessBase"]
[SourceDate "2018.12.11"]
[SourceVersion "1"]
[SourceVersionDate "2018.12.11"]
[SourceQuality "1"]
[WhiteTeam "Zimbabwe"]
[BlackTeam "ICCD"]
[WhiteTeamCountry "ZIM"]

1. e4 e5 2. Nf3 Nf6 3. Nc3 Nc6 4. Bb5 Bb4 5. d3 d6 6. h3 0-0 7. Bg5 Qe7 8. 0-0 Bxc3 9. bxc3 Nd8 10. Bc4 Be6 11. Bb3 h6 12. Be3 c5 13. Nd2 d5 14. f4 exf4 15. Rxf4 Nc6 16. Qf3 d4 17. cxd4 cxd4 18. Bf2 Ne5 19. Qe2 g5 20. Rxf6 Qxf6 21. Bxd4 Bxb3 22. axb3 Qd6 23. Qe3 b6 24. Rf1 Rad8 25. Bb2 Rfe8 26. Rf5 Ng6 27. Nc4 Qc6 28. Qg3 Re6 29. Ne3 Qd6 30. Qf2 Rd7 31. Nd5 Nf4 32. Nf6+ Kf8 33. Nxd7+ Qxd7 34. h4 Qd8 35. Qf3 Rg6 36. Kh2 Qc7 37. Be5 Qxc2 38. h5 Re6 39. Bxf4 gxf4 40. Qxf4 Qxd3 41. Rxf7+ Ke8 42. Rf8+ Kd7 43. Qf7+ Re7 44. Qf5+ Kc6 45. Rf6+ Kc7 46. Qf4+ Kb7 47. e5 Qxb3 48. Qe4+ Ka6 49. Rxh6 Qb5 50. e6 Qg5 51. Qg6 Qh4+ 1/2-1/2

[Event "LTU-chT"]
[Site "Lithuania"]
[Date "2018.03.24"]
[Round "3.5"]
[White "Pidluznij, Gleb"]
[Black "Jankunas, Tomas"]
[Result "0-1"]
[WhiteElo "1756"]
[BlackElo "2097"]
[PlyCount "118"]
[EventDate "2018.01.27"]
[EventType "team-swiss"]
[EventRounds "7"]
[EventCountry "LTU"]
[SourceTitle "EXT 2019"]
[Source "ChessBase"]
[SourceDate "2018.10.10"]
[SourceVersion "1"]
[SourceVersionDate "2018.10.10"]
[SourceQuality "1"]
[WhiteTeam "Klaipeda Nesunaikinami"]
[BlackTeam "Kaunas Gambiteriai"]
[WhiteTeamCountry "LTU"]
[BlackTeamCountry "LTU"]

1. e4 e5 2. Nf3 Nf6 3. d4 exd4 4. e5 Ne4 5. Qxd4 d5 6. exd6 Nxd6 7. Nc3 Nc6 8. Qf4 Bf5 9. Bb5 Be7 10. Nd4 Bd7 11. Nxc6 Bxc6 12. Bxc6+ bxc6 13. 0-0 0-0 14. Be3 Bf6 15. Bd4 Bxd4 16. Qxd4 Qg5 17. Rad1 Rfe8 18. Rfe1 Qf5 19. Qd3 Qa5 20. Qd4 Rad8 21. Re3 Rxe3 22. Qxe3 Kf8 23. Qd3 Qh5 24. Qd4 Re8 25. f3 Qa5 26. a3 Re6 27. Qb4 Qb6+ 28. Qxb6 axb6 29. a4 Re5 30. Kf2 Ra5 31. Rd4 Ke7 32. b3 f5 33. Ke2 g5 34. Kd2 Ra8 35. Rd3 Kf6 36. Ne2 c5 37. c4 Rd8 38. Nc3 c6 39. Ke2 h5 40. g3 g4 41. f4 Ke6 42. Re3+ Kd7 43. Re5 h4 44. Kf2 h3 45. Ke2 Re8 46. Rxe8 Nxe8 47. Ke3 Ng7 48. Ne2 Kc7 49. Kd3 Ne6 50. Kc3 Kb7 51. Kd3 Ka6 52. Kc2 Ka5 53. Kc3 Ng7 54. Nc1 Nh5 55. Ne2 Nf6 56. Kc2 Ne4 57. Kb2 Nd2 58. Kc3 Nf1 59. Nc1 Nxh2 0-1

[Event "EU-chT ICCD Silent 21st"]
[Site "Kaunas"]
[Date "2013.06.16"]
[Round "7.4"]
[White "Gruenfeld, Yehuda"]
[Black "Jankunas, Tomas"]
[Result "1-0"]
[WhiteElo "2445"]
[BlackElo "2032"]
[PlyCount "31"]
[EventDate "2013.06.13"]
[EventType "team-swiss"]
[EventRounds "7"]
[EventCountry "LTU"]
[SourceTitle "EXT 2015"]
[Source "ChessBase"]
[SourceDate "2014.11.20"]
[SourceVersion "1"]
[SourceVersionDate "2014.11.20"]
[SourceQuality "1"]

1. e4 e5 2. Nf3 Nf6 3. d4 exd4 4. e5 Ne4 5. Qxd4 d5 6. exd6 Nxd6 7. Nc3 Nc6 8. Qf4 g6 9. Be3 Bg7 10. 0-0-0 Qf6 11. Qxf6 Bxf6 12. Nd5 Bd8 13. Bf4 0-0 14. Nxc7 Ne4 15. Nxa8 Nxf2 16. Bb5 1-0

[Event "EU-chT ICCD Silent 21st"]
[Site "Kaunas"]
[Date "2013.06.13"]
[Round "2.1"]
[White "Checiak, Krzysztof"]
[Black "Jankunas, Tomas"]
[Result "1/2-1/2"]
[WhiteElo "2156"]
[BlackElo "2032"]
[PlyCount "84"]
[EventDate "2013.06.13"]
[EventType "team-swiss"]
[EventRounds "7"]
[EventCountry "LTU"]
[SourceTitle "EXT 2015"]
[Source "ChessBase"]
[SourceDate "2014.11.20"]
[SourceVersion "1"]
[SourceVersionDate "2014.11.20"]
[SourceQuality "1"]

1. e4 e5 2. Nf3 Nf6 3. Nc3 Nc6 4. Bc4 Nxe4 5. Nxe4 d5 6. Bd3 dxe4 7. Bxe4 Bd6 8. Bxc6+ bxc6 9. d3 0-0 10. h3 f5 11. 0-0 Qf6 12. Re1 Bb7 13. Qd2 e4 14. Nh2 Qe5 15. Nf1 c5 16. dxe4 fxe4 17. Qc3 Qxc3 18. bxc3 Be5 19. Re3 Bd5 20. Ba3 Bd6 21. Rd1 Bxa2 22. Rxe4 Bf7 23. Ne3 Rfe8 24. Rxe8+ Rxe8 25. Ra1 a5 26. Kf1 g6 27. Ke2 Be5 28. Bxc5 Bxc3 29. Ra3 Bb4 30. Bxb4 axb4 31. Ra7 c5 32. Rc7 c4 33. Rb7 b3 34. cxb3 cxb3 35. Kd2 Ra8 36. Ng4 Kf8 37. Ne5 Ra2+ 38. Ke3 Bd5 39. Rb8+ Ke7 40. g3 Rc2 41. Nd3 Bc4 42. Ne5 Bd5 1/2-1/2

[Event "LTU-ch sf"]
[Site "Vilnius"]
[Date "2013.03.01"]
[Round "8"]
[White "Bieliauskas, Marius"]
[Black "Jankunas, Tomas"]
[Result "1/2-1/2"]
[WhiteElo "2138"]
[BlackElo "2028"]
[PlyCount "68"]
[EventDate "2013.02.23"]
[EventType "swiss"]
[EventRounds "8"]
[EventCountry "LTU"]
[SourceTitle "CBM 153 Extra"]
[Source "ChessBase"]
[SourceDate "2013.04.22"]
[SourceVersion "1"]
[SourceVersionDate "2013.04.22"]
[SourceQuality "1"]

1. Nf3 Nf6 2. c4 g6 3. g3 Bg7 4. Bg2 d6 5. Nc3 0-0 6. 0-0 c6 7. d3 Nbd7 8. Rb1 Rb8 9. b4 a5 10. b5 c5 11. Bb2 Nb6 12. e3 e5 13. Qe2 Be6 14. h3 Nfd7 15. Ne4 Nc8 16. Neg5 Re8 17. Nxe6 Rxe6 18. Nd2 Re8 19. Ne4 f5 20. Nc3 Ne7 21. Qd2 Kh8 22. f4 Ng8 23. Nd5 Ngf6 24. Bc3 b6 25. Qb2 Nxd5 26. cxd5 Qe7 27. e4 Rf8 28. Rbe1 Rbe8 29. h4 Kg8 30. Bh3 exf4 31. Bxg7 Qxg7 32. Qxg7+ Kxg7 33. gxf4 Nf6 34. Bg2 Kf7 1/2-1/2

[Event "Panevezys op 25th"]
[Site "Panevezys"]
[Date "2012.08.13"]
[Round "1"]
[White "Jankunas, Tomas"]
[Black "Jankevicius, Nedas"]
[Result "1-0"]
[WhiteElo "1975"]
[BlackElo "1593"]
[PlyCount "49"]
[EventDate "2012.08.13"]
[EventType "swiss"]
[EventRounds "9"]
[EventCountry "LTU"]
[SourceTitle "CBM 149 Extra"]
[Source "ChessBase"]
[SourceDate "2012.08.24"]
[SourceVersion "1"]
[SourceVersionDate "2012.08.24"]
[SourceQuality "1"]

1. e4 d5 2. exd5 Qxd5 3. d4 c6 4. Nf3 Bg4 5. Be2 Nf6 6. 0-0 e6 7. h3 Bh5 8. c4 Qa5 9. Bf4 Nbd7 10. Nc3 Be7 11. a3 0-0 12. Re1 h6 13. Qd2 Rfe8 14. b4 Qd8 15. Rad1 Nb6 16. Ne5 Bxe2 17. Qxe2 Nfd7 18. Bxh6 Bf6 19. Bf4 Qe7 20. Ne4 Bxe5 21. dxe5 Nc8 22. Bg5 f6 23. exf6 Nxf6 24. Bxf6 gxf6 25. Rd7 1-0

[Event "Plunge op 32nd"]
[Site "Plunge"]
[Date "2012.07.22"]
[Round "9"]
[White "Zukauskas, Arnas Povilas"]
[Black "Jankunas, Tomas"]
[Result "0-1"]
[WhiteElo "1560"]
[BlackElo "1981"]
[PlyCount "78"]
[EventDate "2012.07.16"]
[EventType "swiss"]
[EventRounds "9"]
[EventCountry "LTU"]
[SourceTitle "EXT 2013"]
[Source "ChessBase"]
[SourceDate "2012.11.22"]
[SourceVersion "1"]
[SourceVersionDate "2012.11.22"]
[SourceQuality "1"]

1. d4 Nf6 2. Nf3 g6 3. e3 Bg7 4. Bd3 0-0 5. Nbd2 d6 6. 0-0 Nbd7 7. b3 e5 8. Bb2 Re8 9. dxe5 dxe5 10. Be2 c6 11. Nc4 Nd5 12. Nd6 Re6 13. Nxc8 Rxc8 14. c4 Nc7 15. Qc2 Re8 16. Rad1 Qe7 17. Rd2 e4 18. Ng5 Bxb2 19. Qxb2 Nf6 20. Rfd1 h6 21. Nh3 Rcd8 22. Kf1 Ne6 23. Ke1 Rxd2 24. Rxd2 Rd8 25. Ng1 Qb4 26. Kd1 Rd7 27. Rxd7 Nxd7 28. Qd2 Qe7 29. Ke1 Ne5 30. b4 a5 31. a3 Kh7 32. h3 b6 33. Qc3 axb4 34. axb4 Nc7 35. Bf1 Na6 36. c5 bxc5 37. Bxa6 cxb4 38. Qd4 b3 39. Bc4 Qb4+ 0-1